[Event "Tradewise Gibraltar Masters 16th"]
[Site "Gibraltar"]
[Date "2018.01.23"]
[Round "1.61"]
[White "Barthel, Ansgar"]
[Black "Kaidanov, Gregory"]
[Result "0-1"]
[WhiteElo "2187"]
[BlackElo "2548"]
[PlyCount "86"]
[EventDate "2018.01.23"]
[EventType "swiss"]
[EventRounds "10"]
[EventCountry "GGB"]
[SourceTitle "BritBase"]
[Source "www.saund.co.uk"]
[SourceDate "2018.02.10"]
[SourceVersion "1"]
[SourceVersionDate "2018.02.10"]
[SourceQuality "1"]

1. e4 d6 2. d4 Nf6 3. Nc3 Nbd7 4. Nf3 e5 5. Bc4 Be7 6. O-O O-O 7. a4 c6 8. Re1
exd4 9. Nxd4 Ne5 10. Bf1 Re8 11. h3 Qc7 12. Be3 Bf8 13. a5 a6 14. Nb3 Be6 15.
Nd2 Ng6 16. Nc4 Bxc4 17. Bb6 Qe7 18. Bxc4 Nd7 19. Bd4 Nde5 20. Bb3 Nf4 21. Re3
Qf6 22. Ne2 Ne6 23. Bc3 Qh4 24. Nd4 Nc5 25. Qe2 Nxb3 26. Nxb3 g6 27. Rd1 Bh6
28. Rxd6 Bxe3 29. Qxe3 Rad8 30. Qd4 Rxd6 31. Qxd6 Qe7 32. Qd4 f6 33. Nc5 Rd8
34. Qb4 Rd1+ 35. Kh2 Qd6 36. g3 Kh8 37. Nxb7 Qxb4 38. Bxb4 Nd7 39. Nc5 Nxc5 40.
Bxc5 Rd2 41. c4 Rxb2 42. Bd4 Ra2 43. g4 Kg8 0-1

[Event "Tradewise Gibraltar Masters 16th"]
[Site "Gibraltar"]
[Date "2018.01.23"]
[Round "1.62"]
[White "Moroni, Luca Jr"]
[Black "Pinho, Paulo"]
[Result "1-0"]
[WhiteElo "2547"]
[BlackElo "2186"]
[PlyCount "67"]
[EventDate "2018.01.23"]
[EventType "swiss"]
[EventRounds "10"]
[EventCountry "GGB"]
[SourceTitle "BritBase"]
[Source "www.saund.co.uk"]
[SourceDate "2018.02.10"]
[SourceVersion "1"]
[SourceVersionDate "2018.02.10"]
[SourceQuality "1"]

1. d4 Nf6 2. Bf4 e6 3. e3 b6 4. Nf3 Bb7 5. h3 Bd6 6. Bxd6 cxd6 7. Bd3 d5 8. O-O
Ba6 9. Nc3 O-O 10. Re1 Qc7 11. e4 Bxd3 12. Qxd3 dxe4 13. Nxe4 Nxe4 14. Rxe4 Rc8
15. c3 Qc4 16. Qd2 Nc6 17. Rg4 Ne7 18. h4 Qb5 19. Re1 d6 20. Ng5 Qd7 21. Ne4
Nd5 22. Rg3 Kh8 23. Qg5 f6 24. Qh5 Qe7 25. Qf3 Rd8 26. h5 h6 27. Rg6 Qf7 28. c4
Ne7 29. Nxd6 Qf8 30. Rxe6 Nxg6 31. hxg6 Rd7 32. Qc6 Rad8 33. c5 Kg8 34. b4 1-0

[Event "Tradewise Gibraltar Masters 16th"]
[Site "Gibraltar"]
[Date "2018.01.23"]
[Round "1.63"]
[White "Barraza Caracuel, Ignacio"]
[Black "Lalith, Babu M R"]
[Result "0-1"]
[WhiteElo "2185"]
[BlackElo "2542"]
[PlyCount "78"]
[EventDate "2018.01.23"]
[EventType "swiss"]
[EventRounds "10"]
[EventCountry "GGB"]
[SourceTitle "BritBase"]
[Source "www.saund.co.uk"]
[SourceDate "2018.02.10"]
[SourceVersion "1"]
[SourceVersionDate "2018.02.10"]
[SourceQuality "1"]

1. d4 d5 2. Nf3 Nc6 3. Bf4 Bg4 4. h3 Bxf3 5. exf3 e6 6. c3 Bd6 7. Bxd6 Qxd6 8.
Bb5 Nge7 9. O-O O-O-O 10. b4 h5 11. Re1 g5 12. Bxc6 Qxc6 13. a4 Rdg8 14. Qe2
Rh6 15. Qb5 Qxb5 16. axb5 Kb8 17. Na3 Nf5 18. g3 Nd6 19. Kf1 Kc8 20. Ke2 Kd7
21. Kd3 h4 22. g4 Ra8 23. Re3 Rf6 24. Ke2 Rf4 25. Kf1 a6 26. bxa6 Rxa6 27. Nc2
Rxa1+ 28. Nxa1 Nc4 29. Rd3 Kc6 30. Nc2 Kb5 31. Ke2 Ka4 32. Ne3 Rf6 33. Ng2 e5
34. dxe5 Nxe5 35. Rxd5 Nxf3 36. Ne3 Ng1+ 37. Kf1 Nxh3 38. Nf5 Nf4 39. Rd7 Rc6
0-1

[Event "Tradewise Gibraltar Masters 16th"]
[Site "Gibraltar"]
[Date "2018.01.23"]
[Round "1.64"]
[White "Muzychuk, Mariya"]
[Black "Guthrie, David"]
[Result "1-0"]
[WhiteElo "2540"]
[BlackElo "2181"]
[PlyCount "73"]
[EventDate "2018.01.23"]
[EventType "swiss"]
[EventRounds "10"]
[EventCountry "GGB"]
[SourceTitle "BritBase"]
[Source "www.saund.co.uk"]
[SourceDate "2018.02.10"]
[SourceVersion "1"]
[SourceVersionDate "2018.02.10"]
[SourceQuality "1"]

1. e4 e5 2. Nf3 Nc6 3. Bc4 Nf6 4. d3 Be7 5. O-O O-O 6. Re1 d6 7. a4 Na5 8. Ba2
c5 9. c3 Qc7 10. Na3 h6 11. d4 Nc6 12. d5 Nb8 13. Nc4 Nbd7 14. b4 Re8 15. Qd3
Bf8 16. Nh4 g6 17. f4 exf4 18. Bxf4 Nh5 19. Bg3 Nxg3 20. Qxg3 Kh7 21. Rf1 Ne5
22. Nxe5 Rxe5 23. Nxg6 Bg7 24. Nxe5 Bxe5 25. Qf3 f6 26. Rac1 Bd7 27. Bb3 Rc8
28. Qe3 Qd8 29. Bd1 cxb4 30. cxb4 Bd4 31. Qxd4 Rxc1 32. Qxa7 Bc8 33. Qd4 Kg7
34. a5 Qe7 35. Be2 Rc2 36. Bd3 Rd2 37. Qc3 1-0

[Event "Tradewise Gibraltar Masters 16th"]
[Site "Gibraltar"]
[Date "2018.01.23"]
[Round "1.65"]
[White "Sahl, Sheila Barth"]
[Black "Mikhalevski, Victor"]
[Result "0-1"]
[WhiteElo "2178"]
[BlackElo "2538"]
[PlyCount "112"]
[EventDate "2018.01.23"]
[EventType "swiss"]
[EventRounds "10"]
[EventCountry "GGB"]
[SourceTitle "BritBase"]
[Source "www.saund.co.uk"]
[SourceDate "2018.02.10"]
[SourceVersion "1"]
[SourceVersionDate "2018.02.10"]
[SourceQuality "1"]

1. e4 c5 2. Nf3 e6 3. d4 cxd4 4. Nxd4 Nc6 5. Be3 Nf6 6. Bd3 d5 7. exd5 Nxd5 8.
Nxc6 bxc6 9. Bd2 Rb8 10. O-O Rxb2 11. c4 Nf6 12. Qf3 c5 13. Bc3 Bb7 14. Qh3 Rb6
15. Ba5 Qd4 16. Nc3 Bd6 17. Ne2 Qg4 18. Qxg4 Nxg4 19. Bxb6 axb6 20. h3 Ne5 21.
Rfd1 Ba6 22. Rac1 Ke7 23. f4 Nc6 24. Rc3 Rd8 25. Bc2 Na5 26. Bb3 g6 27. Kf2 h5
28. g3 Bb7 29. Rcd3 b5 30. Rc3 b4 31. Rc2 f6 32. Rcd2 Ba6 33. Rc1 g5 34. Rd3 h4
35. gxh4 gxf4 36. Rg1 Bb7 37. Rg7+ Kf8 38. Nxf4 Bxf4 39. Rxd8+ Kxg7 40. Bc2 f5
41. h5 Bc6 42. Bd3 b3 43. axb3 Nxb3 44. Rc8 Nd4 45. Bb1 Be4 46. Ba2 Bd6 47. Rd8
Be7 48. Rd7 Kf8 49. Kg3 e5 50. h6 f4+ 51. Kh2 Bh4 52. Kg1 f3 53. h7 f2+ 54. Kh2
Nf3+ 55. Kg2 Nd2+ 56. Kh2 Nf1# 0-1

[Event "Tradewise Gibraltar Masters 16th"]
[Site "Gibraltar"]
[Date "2018.01.23"]
[Round "1.66"]
[White "Epishin, Vladimir"]
[Black "Weisbuch, Udi"]
[Result "1-0"]
[WhiteElo "2536"]
[BlackElo "2177"]
[PlyCount "151"]
[EventDate "2018.01.23"]
[EventType "swiss"]
[EventRounds "10"]
[EventCountry "GGB"]
[SourceTitle "BritBase"]
[Source "www.saund.co.uk"]
[SourceDate "2018.02.10"]
[SourceVersion "1"]
[SourceVersionDate "2018.02.10"]
[SourceQuality "1"]

1. d4 Nf6 2. Nf3 g6 3. g3 Bg7 4. Bg2 O-O 5. O-O d6 6. a4 d5 7. a5 Nc6 8. c3 Bf5
9. Qa4 Bd7 10. Qa2 b6 11. b4 e6 12. Nbd2 Rb8 13. Nb3 Ne4 14. Qc2 Nd6 15. Bf4
Ne7 16. Rfe1 Bb5 17. Nfd2 Qd7 18. e4 Rfe8 19. e5 Nc4 20. Qc1 Rbc8 21. Bf1 Nxd2
22. Qxd2 Bc4 23. Reb1 f6 24. exf6 Bxf6 25. Qd1 Bxf1 26. Qxf1 Nf5 27. Re1 Nd6
28. Qd3 Nc4 29. Nd2 e5 30. Nxc4 exf4 31. Ne5 Bxe5 32. dxe5 fxg3 33. hxg3 c5 34.
bxc5 bxc5 35. Rab1 Rc6 36. f4 Rd8 37. Red1 Qc7 38. Qb5 Rd7 39. Qb8+ Qxb8 40.
Rxb8+ Kf7 41. Kf2 h5 42. Rdb1 Ke7 43. Rh8 Rcc7 44. Rbb8 Ke6 45. a6 d4 46. c4 d3
47. Ke3 Kf5 48. Kd2 Kg4 49. Rhg8 Rc6 50. Rbd8 Rxd8 51. Rxd8 Kxg3 52. Rd6 Rc8
53. Kxd3 Rf8 54. e6 Re8 55. Ke4 h4 56. Ke5 h3 57. Rd3+ Kg2 58. Rd2+ Kg3 59.
Rd3+ Kg2 60. Kf6 h2 61. Rd1 Rf8+ 62. Kxg6 Rxf4 63. e7 Re4 64. Kf7 Rf4+ 65. Ke6
Re4+ 66. Kd7 Rd4+ 67. Rxd4 cxd4 68. e8=Q h1=Q 69. Qe4+ Kh2 70. Qxd4 Qf1 71. c5
Kh3 72. c6 Qxa6 73. c7 Qb5+ 74. Kd6 Qa6+ 75. Ke7 Qa3+ 76. Qd6 1-0

[Event "Tradewise Gibraltar Masters 16th"]
[Site "Gibraltar"]
[Date "2018.01.23"]
[Round "1.67"]
[White "Lochte, Thomas"]
[Black "Dvirnyy, Danyyil"]
[Result "0-1"]
[WhiteElo "2169"]
[BlackElo "2534"]
[PlyCount "54"]
[EventDate "2018.01.23"]
[EventType "swiss"]
[EventRounds "10"]
[EventCountry "GGB"]
[SourceTitle "BritBase"]
[Source "www.saund.co.uk"]
[SourceDate "2018.02.10"]
[SourceVersion "1"]
[SourceVersionDate "2018.02.10"]
[SourceQuality "1"]

1. e4 c5 2. d4 cxd4 3. c3 Nf6 4. e5 Nd5 5. Qxd4 e6 6. Nf3 Qb6 7. Qxb6 Nxb6 8.
a4 d5 9. a5 N6d7 10. b4 a6 11. b5 axb5 12. Bxb5 Be7 13. O-O O-O 14. Nbd2 Nc6
15. Bxc6 bxc6 16. Ba3 c5 17. Nd4 Nxe5 18. f4 Nd3 19. Rf3 Ba6 20. Rb1 Rfc8 21.
Nb5 Rab8 22. Rxd3 Rxb5 23. Rxb5 Bxb5 24. Re3 Ra8 25. Nb3 c4 26. Nd4 Bxa3 27.
Nxb5 Bc5 0-1

[Event "Tradewise Gibraltar Masters 16th"]
[Site "Gibraltar"]
[Date "2018.01.23"]
[Round "1.68"]
[White "Swapnil, S. Dhopade"]
[Black "Makka, Ioulia"]
[Result "1-0"]
[WhiteElo "2533"]
[BlackElo "2167"]
[PlyCount "77"]
[EventDate "2018.01.23"]
[EventType "swiss"]
[EventRounds "10"]
[EventCountry "GGB"]
[SourceTitle "BritBase"]
[Source "www.saund.co.uk"]
[SourceDate "2018.02.10"]
[SourceVersion "1"]
[SourceVersionDate "2018.02.10"]
[SourceQuality "1"]

1. d4 Nf6 2. Bg5 e6 3. e4 h6 4. Bxf6 Qxf6 5. c3 d5 6. Nd2 Qd8 7. Ngf3 Be7 8.
Bd3 dxe4 9. Nxe4 Nd7 10. Qe2 a6 11. O-O O-O 12. Rad1 b6 13. Nc5 Ra7 14. Nxd7
Qxd7 15. Ne5 Qe8 16. Qe4 f5 17. Qe2 Bf6 18. Rfe1 b5 19. Bc2 c6 20. Bb3 Kh7 21.
Rd3 Re7 22. Re3 Bg5 23. Rh3 a5 24. a3 Bb7 25. Nd3 Bc8 26. f4 Bf6 27. Re3 Bh4
28. g3 Bf6 29. Bxe6 Bxe6 30. Rxe6 Rff7 31. Nc5 b4 32. Qc2 g6 33. Kf2 bxa3 34.
bxa3 Qd8 35. Qb3 g5 36. Rxe7 Rxe7 37. Rxe7+ Bxe7 38. Qf7+ Kh8 39. Ne6 1-0

[Event "Tradewise Gibraltar Masters 16th"]
[Site "Gibraltar"]
[Date "2018.01.23"]
[Round "1.69"]
[White "Baert, Andy"]
[Black "Lei, Tingjie"]
[Result "1-0"]
[WhiteElo "2164"]
[BlackElo "2531"]
[PlyCount "123"]
[EventDate "2018.01.23"]
[EventType "swiss"]
[EventRounds "10"]
[EventCountry "GGB"]
[SourceTitle "BritBase"]
[Source "www.saund.co.uk"]
[SourceDate "2018.02.10"]
[SourceVersion "1"]
[SourceVersionDate "2018.02.10"]
[SourceQuality "1"]

1. c4 c5 2. Nf3 Nc6 3. d4 cxd4 4. Nxd4 Nf6 5. Nc3 e6 6. a3 Nxd4 7. Qxd4 b6 8.
Bg5 Bc5 9. Qh4 Bb7 10. Rd1 a6 11. e4 Qc7 12. Be2 Be7 13. O-O h6 14. Rc1 Rg8 15.
Bf4 d6 16. Qg3 g5 17. Be3 Nxe4 18. Nxe4 Bxe4 19. c5 bxc5 20. Bxc5 Qb8 21. Bb4
a5 22. Bc3 Qb7 23. Rfe1 g4 24. Bd3 Bxd3 25. Qxd3 Rg6 26. Re4 h5 27. Ra4 Rg5 28.
Rf4 Qd5 29. Qh7 e5 30. Rf5 Rxf5 31. Qxf5 Qe6 32. Qxh5 Kd7 33. Rd1 f5 34. h3
gxh3 35. Qxh3 Rb8 36. Qd3 a4 37. Bb4 Rb6 38. Rc1 Ke8 39. Qc2 Qd7 40. Qc4 d5 41.
Qe2 Qe6 42. Qh5+ Kd7 43. Qh7 Rxb4 44. axb4 d4 45. Qh8 Bd8 46. Rc5 d3 47. Qxe5
Qxe5 48. Rxe5 Kd6 49. Re3 d2 50. Rd3+ Kc7 51. Rxd2 Bf6 52. Kf1 Kc6 53. Ke2 Kb5
54. Kd3 Kxb4 55. Kc2 Kc4 56. g3 Be5 57. Rd8 Bd4 58. f3 Bf2 59. g4 fxg4 60. fxg4
Be3 61. Ra8 Kb4 62. Re8 1-0

[Event "Tradewise Gibraltar Masters 16th"]
[Site "Gibraltar"]
[Date "2018.01.23"]
[Round "1.70"]
[White "Libiszewski, Fabien"]
[Black "Movileanu, Daniela"]
[Result "1-0"]
[WhiteElo "2530"]
[BlackElo "2163"]
[PlyCount "93"]
[EventDate "2018.01.23"]
[EventType "swiss"]
[EventRounds "10"]
[EventCountry "GGB"]
[SourceTitle "BritBase"]
[Source "www.saund.co.uk"]
[SourceDate "2018.02.10"]
[SourceVersion "1"]
[SourceVersionDate "2018.02.10"]
[SourceQuality "1"]

1. Nf3 Nf6 2. d4 g6 3. c4 Bg7 4. e3 O-O 5. Be2 d5 6. cxd5 Nxd5 7. e4 Nb6 8. O-O
Nc6 9. d5 Ne5 10. Nc3 e6 11. Bf4 Nxf3+ 12. Bxf3 exd5 13. exd5 Nc4 14. Qb3 Ne5
15. Be2 Qf6 16. Bg3 Qb6 17. Rfe1 Bf5 18. Bb5 Ng4 19. Na4 Qa5 20. Rac1 Rac8 21.
Red1 a6 22. Bf1 Rfe8 23. Nc5 b5 24. a4 Rb8 25. axb5 axb5 26. d6 cxd6 27. Bxd6
Ra8 28. h3 Ne5 29. Qxb5 Rec8 30. Qxa5 Rxa5 31. g4 Nxg4 32. b4 Ra2 33. hxg4 Bxg4
34. Re1 Bd4 35. Bg3 h5 36. Ne4 Rca8 37. Bc4 R2a3 38. Kh2 Kg7 39. Ng5 R8a7 40.
b5 Rb7 41. Nxf7 Rxf7 42. Bxf7 Kxf7 43. Rc7+ Kf6 44. b6 Bf3 45. b7 Rb3 46. b8=Q
Rxb8 47. Rd7 1-0

[Event "Tradewise Gibraltar Masters 16th"]
[Site "Gibraltar"]
[Date "2018.01.23"]
[Round "1.71"]
[White "Verneuil, Pascal"]
[Black "Nihal, Sarin"]
[Result "0-1"]
[WhiteElo "2159"]
[BlackElo "2524"]
[PlyCount "102"]
[EventDate "2018.01.23"]
[EventType "swiss"]
[EventRounds "10"]
[EventCountry "GGB"]
[SourceTitle "BritBase"]
[Source "www.saund.co.uk"]
[SourceDate "2018.02.10"]
[SourceVersion "1"]
[SourceVersionDate "2018.02.10"]
[SourceQuality "1"]

1. e4 c5 2. Nc3 d6 3. f4 Nc6 4. Bb5 g6 5. Bxc6+ bxc6 6. d3 Bg7 7. Nf3 Nf6 8.
O-O O-O 9. Qe1 Rb8 10. Rb1 Ba6 11. Kh1 Nd7 12. e5 c4 13. d4 c5 14. dxc5 Nxc5
15. Be3 Qc7 16. Bd4 dxe5 17. Bxe5 Bxe5 18. fxe5 Ne6 19. Qh4 Bb7 20. Ne4 Bxe4
21. Qxe4 Rfd8 22. b3 Rbc8 23. b4 Qd7 24. b5 Qc7 25. a4 Qa5 26. Ra1 Rc5 27. Qh4
Qc7 28. Rab1 Rcd5 29. a5 Qxa5 30. Qxe7 R8d7 31. Qb4 Qxb4 32. Rxb4 Rc5 33. b6
axb6 34. Rxb6 Kg7 35. Kg1 g5 36. h3 c3 37. Re1 Rc4 38. Rd6 Rb7 39. Re3 h5 40.
Kf2 Rb2 41. Ne1 Nd4 42. Rxd4 Rxd4 43. Rxc3 Rbb4 44. Rg3 Rf4+ 45. Nf3 Kh6 46.
Ke3 h4 47. Rg4 Rxg4 48. hxg4 Rxg4 49. Ne1 Kg6 50. Kf3 Kf5 51. Nd3 Rc4 0-1

[Event "Tradewise Gibraltar Masters 16th"]
[Site "Gibraltar"]
[Date "2018.01.23"]
[Round "1.72"]
[White "Antal, Gergely"]
[Black "Bopp, Thomas"]
[Result "1-0"]
[WhiteElo "2522"]
[BlackElo "2154"]
[PlyCount "67"]
[EventDate "2018.01.23"]
[EventType "swiss"]
[EventRounds "10"]
[EventCountry "GGB"]
[SourceTitle "BritBase"]
[Source "www.saund.co.uk"]
[SourceDate "2018.02.10"]
[SourceVersion "1"]
[SourceVersionDate "2018.02.10"]
[SourceQuality "1"]

1. e4 c6 2. d4 d5 3. e5 Bf5 4. h4 h5 5. Bd3 Bxd3 6. Qxd3 e6 7. Bg5 Be7 8. Nf3
Qa5+ 9. Nbd2 Qa6 10. c4 Nd7 11. b3 Nh6 12. Bxe7 Kxe7 13. Qc3 Qb6 14. O-O Nf5
15. Rfc1 Rhc8 16. Nf1 Ke8 17. cxd5 cxd5 18. Qxc8+ Rxc8 19. Rxc8+ Ke7 20. Rd1 f6
21. exf6+ Nxf6 22. Rd3 Ng4 23. Rh8 Qa6 24. Rd2 Nf6 25. Rc8 Qb6 26. Rd3 Ng4 27.
Rc2 g6 28. Re2 Kf6 29. Ng5 Nxd4 30. Rxd4 Qxd4 31. Rxe6+ Kg7 32. Re7+ Kf8 33.
Ne6+ Kxe7 34. Nxd4 1-0

[Event "Tradewise Gibraltar Masters 16th"]
[Site "Gibraltar"]
[Date "2018.01.23"]
[Round "1.73"]
[White "Pein, Jonathan"]
[Black "Dzagnidze, Nana"]
[Result "0-1"]
[WhiteElo "2153"]
[BlackElo "2522"]
[PlyCount "72"]
[EventDate "2018.01.23"]
[EventType "swiss"]
[EventRounds "10"]
[EventCountry "GGB"]
[SourceTitle "BritBase"]
[Source "www.saund.co.uk"]
[SourceDate "2018.02.10"]
[SourceVersion "1"]
[SourceVersionDate "2018.02.10"]
[SourceQuality "1"]

1. e4 c5 2. Nf3 e6 3. b3 b6 4. Bb2 Bb7 5. Nc3 Nc6 6. Be2 Nf6 7. O-O Qc7 8. Re1
a6 9. a4 Bd6 10. Bf1 O-O 11. g3 Nd4 12. Bg2 Rac8 13. d3 Nxf3+ 14. Qxf3 Be5 15.
Nd1 d5 16. exd5 Bxb2 17. Nxb2 exd5 18. h4 Rfe8 19. Qf5 Rcd8 20. Kf1 h6 21.
Rxe8+ Rxe8 22. Re1 Rxe1+ 23. Kxe1 Bc8 24. Qf4 Qxf4 25. gxf4 a5 26. Nd1 Be6 27.
Nc3 d4 28. Ne2 Bd5 29. Bxd5 Nxd5 30. Kd2 Kf8 31. f5 Ke7 32. c3 dxc3+ 33. Nxc3
Nxc3 34. Kxc3 Kf6 35. Kc4 Kxf5 36. Kb5 h5 0-1

[Event "Tradewise Gibraltar Masters 16th"]
[Site "Gibraltar"]
[Date "2018.01.23"]
[Round "1.74"]
[White "Praggnanandhaa, R."]
[Black "De Graaf, Dick"]
[Result "1-0"]
[WhiteElo "2515"]
[BlackElo "2152"]
[PlyCount "123"]
[EventDate "2018.01.23"]
[EventType "swiss"]
[EventRounds "10"]
[EventCountry "GGB"]
[SourceTitle "BritBase"]
[Source "www.saund.co.uk"]
[SourceDate "2018.02.10"]
[SourceVersion "1"]
[SourceVersionDate "2018.02.10"]
[SourceQuality "1"]

1. e4 d6 2. d4 Nf6 3. Nc3 g6 4. Be3 Bg7 5. Qd2 O-O 6. Nf3 a6 7. a4 b6 8. Bd3
Bb7 9. O-O e6 10. Bg5 Qc8 11. Rfe1 Re8 12. e5 Nfd7 13. Ne4 dxe5 14. dxe5 Bxe4
15. Bxe4 Ra7 16. Qf4 c5 17. Bh6 Bh8 18. Re2 Qc7 19. Bd3 Nc6 20. Rae1 Qb8 21. c3
b5 22. h4 c4 23. Bc2 Nc5 24. h5 Nd3 25. Bxd3 cxd3 26. Rd2 bxa4 27. Qxa4 Qb5 28.
Qxb5 axb5 29. Rxd3 b4 30. c4 Ra5 31. hxg6 hxg6 32. Bf4 g5 33. Nxg5 Nxe5 34. Rg3
Ng6 35. Bd2 Be5 36. Rb3 Ra4 37. Be3 Rc8 38. Rc1 Bf4 39. Ne4 Bxe3 40. Rxe3 Kf8
41. g3 Ra6 42. b3 Ne7 43. Rd1 Rca8 44. Rd7 R6a7 45. Red3 Nc6 46. R7d6 Ne5 47.
Re3 Ra1+ 48. Kg2 Rc1 49. Nc5 Ng4 50. Re4 Nf6 51. Rf4 Kg7 52. Rb6 Raa1 53. Rxb4
Rg1+ 54. Kf3 Rac1 55. Rb7 Rc3+ 56. Ke2 Rc2+ 57. Kd3 Rcc1 58. Nxe6+ Kg6 59. Nd4
Rgd1+ 60. Ke2 Re1+ 61. Kf3 Rc3+ 62. Kg2 1-0

[Event "Tradewise Gibraltar Masters 16th"]
[Site "Gibraltar"]
[Date "2018.01.23"]
[Round "1.75"]
[White "Maloberti, David"]
[Black "Steinberg, Nitzan"]
[Result "0-1"]
[WhiteElo "2148"]
[BlackElo "2512"]
[PlyCount "78"]
[EventDate "2018.01.23"]
[EventType "swiss"]
[EventRounds "10"]
[EventCountry "GGB"]
[SourceTitle "BritBase"]
[Source "www.saund.co.uk"]
[SourceDate "2018.02.10"]
[SourceVersion "1"]
[SourceVersionDate "2018.02.10"]
[SourceQuality "1"]

1. d4 Nf6 2. c4 e6 3. Nc3 Bb4 4. Qc2 O-O 5. Bg5 h6 6. Bxf6 Qxf6 7. a3 Bxc3+ 8.
Qxc3 d6 9. Nf3 Nd7 10. e3 b6 11. Be2 Bb7 12. O-O Rfe8 13. b4 c5 14. Rfd1 Rac8
15. bxc5 dxc5 16. Rac1 Qe7 17. d5 exd5 18. cxd5 Red8 19. Bc4 Nf6 20. Qb3 Rd6
21. Rd3 Rcd8 22. Rcd1 Qe4 23. Nd2 Qf5 24. f3 Bxd5 25. Rxd5 Rxd5 26. e4 Rxd2 27.
Bxf7+ Kh8 28. exf5 Rxd1+ 29. Kf2 R1d2+ 30. Kg3 Ne4+ 31. Kf4 Ng5 32. h4 R2d4+
33. Ke5 Rd3 34. Qa2 Rd2 35. Qb3 R8d3 36. Qc4 Rd4 37. Qb5 Nxf7+ 38. Ke6 Rd7 39.
f6 R2d6+ 0-1

[Event "Tradewise Gibraltar Masters 16th"]
[Site "Gibraltar"]
[Date "2018.01.23"]
[Round "1.76"]
[White "Santos Ruiz, Miguel"]
[Black "Ranaivoharisoa, Alain"]
[Result "1/2-1/2"]
[WhiteElo "2510"]
[BlackElo "2142"]
[PlyCount "86"]
[EventDate "2018.01.23"]
[EventType "swiss"]
[EventRounds "10"]
[EventCountry "GGB"]
[SourceTitle "BritBase"]
[Source "www.saund.co.uk"]
[SourceDate "2018.02.10"]
[SourceVersion "1"]
[SourceVersionDate "2018.02.10"]
[SourceQuality "1"]

1. c4 Nf6 2. Nf3 e6 3. b3 b6 4. g3 Bb7 5. Bg2 Be7 6. Bb2 O-O 7. O-O d5 8. e3
Nbd7 9. Qe2 Re8 10. Rd1 Bf8 11. d4 Rc8 12. Nc3 Bb4 13. Rac1 Qe7 14. Ne1 c6 15.
Nd3 Ba6 16. Nxb4 Qxb4 17. Nb1 dxc4 18. Bc3 Qe7 19. Nd2 b5 20. bxc4 b4 21. Ba1
c5 22. Qe1 cxd4 23. exd4 Nb6 24. c5 Nbd5 25. a3 bxa3 26. Nc4 Bxc4 27. Rxc4 Qb7
28. Qa5 Qb3 29. Rdc1 Rc7 30. Ra4 Qd3 31. Rxa3 Qg6 32. Rb3 h5 33. h4 Rec8 34.
Qe1 Ne7 35. Qe2 Nc6 36. Rcb1 Rd8 37. Qc4 Kh7 38. Bc3 Nd5 39. Bd2 Nf6 40. Be3
Na5 41. Qe2 Nxb3 42. Rxb3 Rcc8 43. Bb7 Rc7 1/2-1/2

[Event "Tradewise Gibraltar Masters 16th"]
[Site "Gibraltar"]
[Date "2018.01.23"]
[Round "1.77"]
[White "Barrenechea Bahamonde, Gustavo"]
[Black "Kollars, Dmitrij"]
[Result "0-1"]
[WhiteElo "2127"]
[BlackElo "2505"]
[PlyCount "88"]
[EventDate "2018.01.23"]
[EventType "swiss"]
[EventRounds "10"]
[EventCountry "GGB"]
[SourceTitle "BritBase"]
[Source "www.saund.co.uk"]
[SourceDate "2018.02.10"]
[SourceVersion "1"]
[SourceVersionDate "2018.02.10"]
[SourceQuality "1"]

1. e4 e5 2. d4 exd4 3. Qxd4 Nc6 4. Qa4 Nf6 5. Nc3 Bb4 6. Bd3 d5 7. exd5 Qxd5 8.
Nge2 Bxc3+ 9. bxc3 Bf5 10. O-O Bxd3 11. cxd3 O-O-O 12. d4 Rhe8 13. Nf4 Qf5 14.
Be3 g5 15. Ne2 Nd5 16. c4 Nxe3 17. fxe3 Qd3 18. d5 Ne5 19. Ng3 Nxc4 20. Rad1
Qxe3+ 21. Kh1 Nd6 22. Nf5 Nxf5 23. Rxf5 Re4 24. Qb5 a6 25. Qb1 Rd7 26. Rf3 Qe2
27. Rff1 Rde7 28. Rc1 Kb8 29. d6 cxd6 30. Qb6 R4e6 31. h3 Qb5 32. Qd8+ Ka7 33.
Rb1 Qe8 34. Qb6+ Ka8 35. Kh2 d5 36. Qd4 Qb8+ 37. Kh1 Qe5 38. Qb4 Qe4 39. Qa5 g4
40. Rfc1 Ka7 41. Qc5+ b6 42. Qc8 d4 43. Rb3 Qf4 44. g3 Re1+ 0-1

[Event "Tradewise Gibraltar Masters 16th"]
[Site "Gibraltar"]
[Date "2018.01.23"]
[Round "1.78"]
[White "Batsiashvili, Nino"]
[Black "Spence, David J"]
[Result "1-0"]
[WhiteElo "2504"]
[BlackElo "2127"]
[PlyCount "41"]
[EventDate "2018.01.23"]
[EventType "swiss"]
[EventRounds "10"]
[EventCountry "GGB"]
[SourceTitle "BritBase"]
[Source "www.saund.co.uk"]
[SourceDate "2018.02.10"]
[SourceVersion "1"]
[SourceVersionDate "2018.02.10"]
[SourceQuality "1"]

1. d4 e6 2. c4 Nf6 3. Nc3 Bb4 4. Qc2 O-O 5. Nf3 c5 6. dxc5 Na6 7. g3 Nxc5 8.
Bg2 Nce4 9. O-O Bxc3 10. bxc3 Qa5 11. Nd4 Qxc3 12. Qxc3 Nxc3 13. Ba3 Rd8 14.
Rac1 Na4 15. Nb5 a6 16. Nc7 Ra7 17. Be7 Rf8 18. c5 b5 19. cxb6 Nxb6 20. Bxf8
Kxf8 21. Na8 1-0

[Event "Tradewise Gibraltar Masters 16th"]
[Site "Gibraltar"]
[Date "2018.01.23"]
[Round "1.79"]
[White "Herzwurm, Robert"]
[Black "Blomqvist, Erik"]
[Result "0-1"]
[WhiteElo "2123"]
[BlackElo "2502"]
[PlyCount "66"]
[EventDate "2018.01.23"]
[EventType "swiss"]
[EventRounds "10"]
[EventCountry "GGB"]
[SourceTitle "BritBase"]
[Source "www.saund.co.uk"]
[SourceDate "2018.02.10"]
[SourceVersion "1"]
[SourceVersionDate "2018.02.10"]
[SourceQuality "1"]

1. e4 c5 2. Nc3 a6 3. f4 b5 4. g3 Bb7 5. Bg2 e6 6. Qe2 Nc6 7. Nf3 Nd4 8. Nxd4
cxd4 9. Nd1 Bc5 10. d3 Ne7 11. O-O O-O 12. f5 f6 13. g4 Bd6 14. g5 exf5 15.
exf5 Qc7 16. Bxb7 Qxb7 17. Nf2 fxg5 18. Bxg5 Nxf5 19. Ne4 Be5 20. Rf3 Qc6 21.
Raf1 Ne3 22. Rxf8+ Rxf8 23. Rxf8+ Kxf8 24. Bxe3 dxe3 25. Qxe3 Qxc2 26. Qf3+ Ke7
27. Qh5 Bd4+ 28. Kh1 Qxd3 29. Qh4+ Bf6 30. Qf4 Qb1+ 31. Kg2 Qxb2+ 32. Kf3 Qe5
33. Qd2 Qf5+ 0-1